1725 1082 1849 1639 1869 1724 1178 1605 1886 1697 1200 1079 1353 1785 1344 1254 1485 1128 1174 1636 1965 1119 1892 1854 1782 1006 1572 1675 1837 1811 1369 1250 1403 1188 1145 1621 1183 1254 1464 1852 1658 1228 1944 1155 1363 1962 1031 1586 1591 1011 1598 1847 1373 1856 1208 1083 1565 1095 1216 1289 1217 1310 1463 1683 1670 1790 1327 1048 1738 1537 1612 1812 1934 1686 1158 1729 1227 1623 1936 1745 1000 1874 1171 1026 1827 1855 1184 1616 1573 1267 1277 1106 1035 1194 1035 1576 1473 1363 1372 BCNSPRNW ULIB Ver.6.0+V

เปลี่ยนเป็นภาษาไทย

Change to English
 แสดงรายละเอียดบรรณานุกรม
  กลับหน้าหลัก

Brief Record : Get Marc (ISO 2709) : E-mail record : QR code < ปิดหน้าต่าง
LEADER : 00000nam 2200000uu 4500
001    13399110674
003     ULIB
008    110607s2542||||th 000 0 tha d
020    9746632159
060 04 WS100^bก717ป 2542
245 00 กุมารเวชปฏิบัติทันยุค /^cบรรณาธิการ กิตติ อังศุสิงห์ ...[และคนอื่นๆ]
250    พิมพ์ครั้งที่ 1
260    กรุงเทพ :^bภาควิชากุมารเวชศาสตร์คณะแพทยศาสตร์ศิริราชพยาบาล มหาวิทยาลัยมหิดล,^c2542
300    460 หน้า :^bภาพประกอบ (สีบางภาพ) ;^c26 ซม.
500 จั ดพิมพ์เพื่อเฉลิมพระเกียรติในวโรกาสที่พระบาทสมเด็จพระเจ้าอยู่หัวภูมิพลอดุลยเดชมหาราช ทรงเจริญพระชนมพรรษาครบ 6 รอบ โดยภาควิชากุมารเวชศาสตร์ คณะแพทยศาสตร์ศิริราชพยาบาล มหาวิทยาลัยมหิดล
650  2 Pediatrics
650  7 กุมารเวชศาสตร์
653    ผลงานอาจารย์คณะแพทยศาสตร์ศิริราชพยาบาล
700 0  กิตติ อังศุสิงห์,^eบรรณาธิการ
710 2  มหาวิทยาลัยมหิดล. ^bคณะแพทยศาสตร์ศิริราชพยาบาล.^bภาควิชากุมารเวชศาสตร์
945    ^p350^l0^i012814
945    ^p350^l0^i012812
945    ^p350^l0^i012813
995    ทศพร
999 ^a ใช้งานได้ทุกระบบ
รายการนี้ยังไม่มีแท็ก
คุณยังไม่ได้ล็อกอิน คุณสามารถมีกิจกรรมร่วมกับเว็บไซต์ได้ แต่ต้องล็อกอินก่อน ::
  ล็อกอิน

รายการสื่อสารสนเทศ

ลำดับที่ ประเภท เลขเรียก/บาร์โค้ด สถานที่ สถานะ
- ไม่พบข้อมูล -

รายการใกล้เคียง
    หัวเรื่อง [Pediatrics]
    หัวเรื่อง [กุมารเวชศาสตร์]

BibComment


ยังไม่เคยถูกคอมเมนท์

คอมเมนท์ทรัพยากรรายการนี้
  คอมเมนท์: กุมารเวชปฏิบัติทั..


 Copyright 2026. Bcnsprnw @Library